[Event "XXVI Ogolnopolska Olimpiada Mlodziezy"]
[Site "Pulawy"]
[Date "2020.10.06"]
[Round "3.4"]
[White "Herwy, Jakub"]
[Black "Paprocki, Antoni"]
[Result "0-1"]
[WhiteElo "1754"]
[BlackElo "2031"]
[PlyCount "118"]
[EventDate "2020.10.04"]
[EventType "swiss"]
[Tiebreak "Sum of Buchholz+Median1 Buchholz+Sonneborn-Berger (Swiss)"]

1. e4 c5 2. d3 d5 3. Be2 Nc6 4. f4 g6 5. Nf3 Bg7 6. O-O e6 7. c3 Nge7 8. e5 Qb6
9. Na3 Nf5 10. g4 Nfe7 11. d4 cxd4 12. cxd4 f6 13. Kg2 O-O 14. Nc2 Bd7 15. b4
Rac8 16. b5 Na5 17. Ba3 Rf7 18. Bc5 Qd8 19. Ne3 b6 20. Bb4 Nc4 21. Bxc4 dxc4
22. a4 Nd5 23. Nxd5 exd5 24. h3 Be6 25. Qe2 Qd7 26. Rae1 f5 27. Ng5 fxg4 28.
hxg4 Bxg4 29. e6 Bxe2 30. Rxe2 Re8 31. exd7 Rxe2+ 32. Kf3 Rxd7 33. Kxe2 Bxd4
34. f5 Bf6 35. Ne6 g5 36. Rg1 h6 37. Rh1 Bg7 38. f6 Bxf6 39. Rxh6 Kf7 40. Nf8
Rd8 41. Rh7+ Kg8 42. Rxa7 d4 43. Nd7 Bg7 44. Nxb6 d3+ 45. Kd1 Bd4 46. a5 c3 47.
Ra8 c2+ 48. Kc1 Bxb6 49. Rxd8+ Bxd8 50. b6 g4 51. b7 Bc7 52. a6 Bb8 53. Kb2 g3
54. Bc3 g2 55. Bd4 Bf4 56. Be3 c1=Q+ 57. Bxc1 Be5+ 58. Ka2 g1=Q 59. Bb2 Qh2 0-1

[Event "XXVI Ogolnopolska Olimpiada Mlodziezy"]
[Site "Pulawy"]
[Date "2020.10.06"]
[Round "3.4"]
[White "Pietrzak, Emilia"]
[Black "Barwinska, Ewa"]
[Result "0-1"]
[WhiteElo "1398"]
[BlackElo "1742"]
[PlyCount "92"]
[EventDate "2020.10.04"]
[EventType "swiss"]
[Tiebreak "Sum of Buchholz+Median1 Buchholz+Sonneborn-Berger (Swiss)"]

1. e4 c5 2. Nf3 e6 3. b3 d6 4. Bb2 Nf6 5. Nc3 Nc6 6. Bb5 Bd7 7. O-O Be7 8. d4
cxd4 9. Nxd4 O-O 10. Re1 Qc7 11. Qd2 a6 12. Be2 b5 13. a3 Bc8 14. Nxc6 Qxc6 15.
Bf3 e5 16. Red1 Bb7 17. a4 Qb6 18. axb5 axb5 19. Qd3 Bc6 20. Na2 Qb7 21. Re1 b4
22. Qc4 Rab8 23. Nxb4 Qxb4 24. Qxc6 Rfc8 25. Qa6 Rxc2 26. Ba3 Qd4 27. Qf1 Rxb3
28. Red1 Qb6 29. Rdc1 Rxc1 30. Qxc1 h6 31. h3 Qb7 32. Qc4 d5 33. Qa4 Bxa3 34.
Rxa3 Rxa3 35. Qxa3 dxe4 36. Be2 Qc6 37. Qe7 Qc1+ 38. Kh2 Qf4+ 39. Kg1 Qd2 40.
Bb5 e3 41. fxe3 Qxe3+ 42. Kh2 Qf4+ 43. Kh1 Qd4 44. Be8 Qd5 45. Ba4 Qe4 46. Qc7
Qxa4 0-1

[Event "XXVI Ogolnopolska Olimpiada Mlodziezy"]
[Site "Pulawy"]
[Date "2020.10.06"]
[Round "3.4"]
[White "Ptaszynski, Szymon"]
[Black "Mulawa, Cyprian"]
[Result "0-1"]
[WhiteElo "1518"]
[BlackElo "1693"]
[PlyCount "144"]
[EventDate "2020.10.04"]
[EventType "swiss"]
[Tiebreak "Sum of Buchholz+Median1 Buchholz+Sonneborn-Berger (Swiss)"]

1. e4 c5 2. Nf3 Nc6 3. Bb5 g6 4. Bxc6 dxc6 5. d3 Bg7 6. h3 e5 7. Nc3 Qe7 8. Be3
Nf6 9. Qd2 h6 10. O-O Nd7 11. Nh2 Nf8 12. f4 exf4 13. Bxf4 Ne6 14. Bg3 Nd4 15.
Nf3 Nxf3+ 16. Rxf3 Be6 17. Re1 O-O-O 18. Qf4 Kd7 19. Kh1 g5 20. Qc7+ Ke8 21.
Qxe7+ Kxe7 22. Ref1 h5 23. h4 g4 24. R3f2 Bd4 25. Rd2 c4 26. Bf4 f6 27. Rb1 b5
28. Ne2 cxd3 29. cxd3 Kf7 30. b3 Bb6 31. Rf1 Kg6 32. d4 Rhf8 33. Kh2 Rd7 34. g3
Rfd8 35. Be3 Kg7 36. Rc1 Bf7 37. b4 Re8 38. Nc3 Bg6 39. Re1 Rde7 40. Rde2 Bf7
41. Bf2 Bc4 42. Rd2 a5 43. a3 axb4 44. axb4 Ra8 45. Rc1 Rd8 46. Ra1 Red7 47.
Rad1 Ba7 48. Be3 Bb6 49. Bf2 Bb3 50. Rb1 Be6 51. Rbd1 Bc4 52. Kg1 Kf7 53. Be3
Bc7 54. Kf2 Bd6 55. Rb2 Bc7 56. Rbd2 Bd6 57. Rb2 Bf8 58. d5 cxd5 59. exd5 Bd6
60. Bd4 Bc7 61. Rbd2 Bb3 62. Rc1 Bc4 63. Rdc2 Bd6 64. Bc5 Be5 65. Be3 Bxd5 66.
Nxd5 Rxd5 67. Rc5 Rd3 68. Rg1 Rxe3 69. Kxe3 Bd4+ 70. Kf4 Bxg1 71. Rxb5 Kg6 72.
Ke4 Rd4# 0-1

[Event "XXVI Ogolnopolska Olimpiada Mlodziezy"]
[Site "Pulawy"]
[Date "2020.10.06"]
[Round "3.4"]
[White "Slusarczyk, Anna"]
[Black "Natoli, Alessia"]
[Result "1/2-1/2"]
[WhiteElo "1330"]
[BlackElo "1363"]
[PlyCount "109"]
[EventDate "2020.10.04"]
[EventType "swiss"]
[Tiebreak "Sum of Buchholz+Median1 Buchholz+Sonneborn-Berger (Swiss)"]

1. Nf3 Nf6 2. c4 d6 3. b4 Nbd7 4. Bb2 e5 5. d3 g6 6. g3 Bg7 7. Bg2 O-O 8. O-O
Rb8 9. Nbd2 b6 10. Qc2 Bb7 11. a3 Ne8 12. e4 c5 13. h3 f5 14. Nh2 f4 15. Ndf3
g5 16. h4 h6 17. Bh3 Bc8 18. Be6+ Kh8 19. hxg5 hxg5 20. Kg2 Nc7 21. Bf5 Bh6 22.
Ng4 Kg7 23. Nxh6 Kxh6 24. Rh1+ Kg7 25. gxf4 gxf4 26. Rag1 Nf6 27. Kf1+ Kf7 28.
Bg6+ Ke7 29. Bf5 Kf7 30. Bg6+ Ke7 31. Ng5 Ne6 32. Nh7 Rg8 33. Nxf6 Kxf6 34. Qe2
Ng5 35. Bf5 Qf8 36. Bxc8 Rxc8 37. Qg4 Nf7 38. Qxf4+ Ke7 39. Qh4+ Ke6 40. Rxg8
Qxg8 41. Rg1 Qf8 42. Rg6+ Kd7 43. Qf6 Re8 44. bxc5 bxc5 45. a4 Re7 46. Ba3 Qc8
47. Qf5+ Kc7 48. Qxc8+ Kxc8 49. Rf6 Kb7 50. Ke2 Kb6 51. f4 exf4 52. Bc1 f3+ 53.
Kxf3 Ne5+ 54. Ke2 Kc7 55. Bd2 1/2-1/2

[Event "XXVI Ogolnopolska Olimpiada Mlodziezy"]
[Site "Pulawy"]
[Date "2020.10.06"]
[Round "3.5"]
[White "Komendecki, Antoni"]
[Black "Przybylski, Jan"]
[Result "1-0"]
[WhiteElo "1801"]
[BlackElo "1398"]
[PlyCount "120"]
[EventDate "2020.10.04"]
[EventType "swiss"]
[Tiebreak "Sum of Buchholz+Median1 Buchholz+Sonneborn-Berger (Swiss)"]

1. e4 c5 2. Nf3 e6 3. d4 cxd4 4. Nxd4 Nf6 5. Nc3 d6 6. g3 Be7 7. Bg2 O-O 8. O-O
Nc6 9. Be3 a6 10. Nxc6 bxc6 11. f4 d5 12. Bf3 Qc7 13. Qe2 a5 14. Qg2 Ba6 15.
Rfd1 dxe4 16. Nxe4 Nd5 17. Bf2 Rab8 18. b3 c5 19. c4 Nf6 20. Nc3 Rfd8 21. Be3
Rxd1+ 22. Rxd1 Rd8 23. Qc2 Rxd1+ 24. Qxd1 Qd6 25. Qxd6 Bxd6 26. Bc6 Bc8 27. Na4
Bd7 28. Bb5 Bxb5 29. cxb5 Ne4 30. Kg2 Kf8 31. b6 Ke7 32. b7 Kd7 33. Nxc5+ Nxc5
34. Bxc5 Bb8 35. Bd4 f6 36. Bb6 a4 37. bxa4 Kc6 38. Ba5 Kxb7 39. Bb4 Kc6 40.
Kf3 Kd5 41. a5 Ba7 42. Bf8 g6 43. Be7 f5 44. Bd8 Kc6 45. Bb6 Bb8 46. Ke3 e5 47.
fxe5 Bxe5 48. Bd4 Bc7 49. a6 g5 50. Kf3 h5 51. Be3 Bd8 52. Ke2 g4 53. Bf2 Bg5
54. Kd3 f4 55. Ke4 h4 56. gxh4 g3 57. Bxg3 fxg3 58. hxg3 Bd8 59. h5 Kb6 60. h6
Kxa6 1-0

[Event "XXVI Ogolnopolska Olimpiada Mlodziezy"]
[Site "Pulawy"]
[Date "2020.10.06"]
[Round "3.5"]
[White "Kucharska, Helena"]
[Black "Zalewska, Malgorzata"]
[Result "1-0"]
[WhiteElo "1727"]
[BlackElo "1201"]
[PlyCount "59"]
[EventDate "2020.10.04"]
[EventType "swiss"]
[Tiebreak "Sum of Buchholz+Median1 Buchholz+Sonneborn-Berger (Swiss)"]

1. e4 e6 2. c4 d5 3. exd5 exd5 4. cxd5 Qxd5 5. Nc3 Qe6+ 6. Be2 Nf6 7. Nf3 Bd7
8. O-O Be7 9. d4 c6 10. Bf4 h6 11. Re1 Qf5 12. Be5 Be6 13. Nh4 Qg5 14. g3 h5
15. f4 Qh6 16. Bf3 Nbd7 17. f5 Bd5 18. Bd6 Bxf3 19. Qxf3 Nd5 20. Nxd5 Qxd6 21.
Nxe7 Qxe7 22. Rxe7+ Kxe7 23. Re1+ Kd8 24. Qf4 Rc8 25. Qg5+ f6 26. Qxg7 Kc7 27.
Re7 Rhd8 28. Qxf6 Kb8 29. Qd6+ Rc7 30. f6 1-0

[Event "XXVI Ogolnopolska Olimpiada Mlodziezy"]
[Site "Pulawy"]
[Date "2020.10.06"]
[Round "3.5"]
[White "Lazniewska, Zofia"]
[Black "Popczynska, Maja"]
[Result "1-0"]
[WhiteElo "1506"]
[BlackElo "1339"]
[PlyCount "63"]
[EventDate "2020.10.04"]
[EventType "swiss"]
[Tiebreak "Sum of Buchholz+Median1 Buchholz+Sonneborn-Berger (Swiss)"]

1. e4 e6 2. d4 d5 3. Nd2 dxe4 4. Nxe4 Nd7 5. Nf3 Ngf6 6. Nxf6+ Nxf6 7. Bd3 c5
8. dxc5 Bxc5 9. O-O O-O 10. Bg5 h6 11. Bh4 Bd7 12. Qe2 Bc6 13. Rad1 Qe7 14. Ne5
Rac8 15. Ng4 g5 16. Nxh6+ Kg7 17. Bxg5 Rh8 18. Ng4 Qc7 19. Bxf6+ Kg8 20. Bxh8
Kxh8 21. Qe5+ Qxe5 22. Nxe5 Kg7 23. Rfe1 Bd5 24. Be4 f6 25. Nd3 Bxe4 26. Rxe4
e5 27. Nxc5 Rxc5 28. g3 Rxc2 29. Rd7+ Kg6 30. Rxb7 Kf5 31. Ra4 Rc1+ 32. Kg2 1-0

[Event "XXVI Ogolnopolska Olimpiada Mlodziezy"]
[Site "Pulawy"]
[Date "2020.10.06"]
[Round "3.5"]
[White "Madajczak, Piotr"]
[Black "Karolczuk, Iwo"]
[Result "1-0"]
[WhiteElo "1814"]
[BlackElo "2010"]
[PlyCount "111"]
[EventDate "2020.10.04"]
[EventType "swiss"]
[Tiebreak "Sum of Buchholz+Median1 Buchholz+Sonneborn-Berger (Swiss)"]

1. c4 e5 2. Nc3 d6 3. g3 g6 4. Bg2 Bg7 5. d3 Nc6 6. e3 Be6 7. Nge2 Qd7 8. Nd5
Nge7 9. O-O h5 10. Nxe7 Nxe7 11. Bxb7 Rd8 12. Bf3 h4 13. Nc3 f5 14. Nd5 Ng8 15.
Nb4 Ne7 16. Nd5 Nc6 17. Qa4 e4 18. dxe4 Ne5 19. Nxc7+ Kf7 20. Qxd7+ Rxd7 21.
Nxe6 Nxf3+ 22. Kg2 fxe4 23. Nxg7 hxg3 24. Kxg3 Kxg7 25. b3 Rh5 26. h4 Rf7 27.
Bb2+ Kh6 28. Rh1 Rhf5 29. Rad1 Ne1 30. Rhxe1 Rxf2 31. Rg1 Rxb2 32. Rgf1 Rxf1
33. Rxf1 Rxa2 34. Kf4 Rb2 35. Ra1 Rxb3 36. Rxa7 Rc3 37. Rc7 Rc1 38. Kxe4 Rd1
39. Rd7 Rc1 40. Kd4 Rd1+ 41. Ke4 Rc1 42. Kd5 Rd1+ 43. Ke6 Rc1 44. Rc7 Re1 45.
Kxd6 Rxe3 46. c5 Rd3+ 47. Ke6 Rd4 48. Rc8 Kg7 49. c6 Rxh4 50. c7 Rc4 51. Kd6
Rd4+ 52. Kc5 Rd1 53. Ra8 Rc1+ 54. Kd6 Rd1+ 55. Ke5 Re1+ 56. Kf4 1-0

[Event "XXVI Ogolnopolska Olimpiada Mlodziezy"]
[Site "Pulawy"]
[Date "2020.10.06"]
[Round "3.6"]
[White "Bochniak, Franciszek"]
[Black "Warchol, Kamil"]
[Result "1/2-1/2"]
[WhiteElo "1458"]
[BlackElo "1875"]
[PlyCount "73"]
[EventDate "2020.10.04"]
[EventType "swiss"]
[Tiebreak "Sum of Buchholz+Median1 Buchholz+Sonneborn-Berger (Swiss)"]

1. d4 d5 2. c4 dxc4 3. e3 e6 4. Bxc4 Nf6 5. Nc3 c5 6. Nf3 a6 7. O-O Nc6 8. dxc5
Bxc5 9. Qxd8+ Nxd8 10. b3 b5 11. Be2 Bb7 12. Bb2 Rc8 13. Rac1 O-O 14. Rfd1 Be7
15. Ne1 Nc6 16. Nd3 Nb4 17. Nxb4 Bxb4 18. Nb1 Nd5 19. Bf3 Rfd8 20. Rxc8 Rxc8
21. Rc1 Rxc1+ 22. Bxc1 Kf8 23. Kf1 Ke7 24. Ke2 Nc3+ 25. Nxc3 Bxf3+ 26. Kxf3
Bxc3 27. Ke4 Kd6 28. Kd3 Bb4 29. Bd2 Bc5 30. Bc3 f6 31. f3 e5 32. Be1 Kd5 33.
Bf2 f5 34. e4+ fxe4+ 35. fxe4+ Kd6 36. Bxc5+ Kxc5 37. Kc3 1/2-1/2

[Event "XXVI Ogolnopolska Olimpiada Mlodziezy"]
[Site "Pulawy"]
[Date "2020.10.06"]
[Round "3.6"]
[White "Demski, Michal"]
[Black "Kazmierowski, Tymon"]
[Result "0-1"]
[WhiteElo "1809"]
[BlackElo "1958"]
[PlyCount "74"]
[EventDate "2020.10.04"]
[EventType "swiss"]
[Tiebreak "Sum of Buchholz+Median1 Buchholz+Sonneborn-Berger (Swiss)"]

1. e4 c5 2. Nc3 Nc6 3. Bb5 Nd4 4. Nf3 Nxb5 5. Nxb5 g6 6. O-O Bg7 7. d4 a6 8.
Nc3 cxd4 9. Nxd4 d6 10. Be3 Nf6 11. h3 O-O 12. a4 b6 13. f4 Bb7 14. Qd3 Rc8 15.
Nde2 Qc7 16. g4 Nxe4 17. Nxe4 Qc6 18. N2g3 d5 19. Ng5 d4 20. Nf3 dxe3 21. Qxe3
Rfd8 22. c3 Rd6 23. Rf2 Rcd8 24. Ne1 Re6 25. Qc1 h5 26. Ng2 Rd3 27. Kh2 Qc5 28.
Qf1 h4 29. Nh1 Red6 30. Re1 e6 31. Nxh4 Bxh1 32. Kxh1 Rxh3+ 33. Rh2 Rxh2+ 34.
Kxh2 Rd2+ 35. Re2 Qc4 36. Rxd2 Qxf1 37. Ng2 g5 0-1

[Event "XXVI Ogolnopolska Olimpiada Mlodziezy"]
[Site "Pulawy"]
[Date "2020.10.06"]
[Round "3.6"]
[White "Szopa, Emilia"]
[Black "Staniewicz, Adrianna"]
[Result "1-0"]
[WhiteElo "1790"]
[BlackElo "1382"]
[PlyCount "61"]
[EventDate "2020.10.04"]
[EventType "swiss"]
[Tiebreak "Sum of Buchholz+Median1 Buchholz+Sonneborn-Berger (Swiss)"]

1. e4 c5 2. Nf3 e6 3. d4 cxd4 4. Nxd4 a6 5. Bd3 Nc6 6. Nxc6 dxc6 7. O-O e5 8.
Nd2 Nf6 9. h3 Qc7 10. a4 Be7 11. a5 Be6 12. Qe2 O-O 13. c3 Kh8 14. Nc4 h6 15.
f4 Bxc4 16. Bxc4 Bd6 17. f5 Bc5+ 18. Kh1 Kh7 19. g4 Ng8 20. g5 Qe7 21. b4 Ba7
22. Ra2 Rad8 23. Qf3 f6 24. gxh6 gxh6 25. Qh5 Qc7 26. Bxg8+ Kxg8 27. Rg2+ Kh8
28. Bxh6 Qh7 29. Bg7+ Kg8 30. Bxf6+ Qg7 31. Rxg7# 1-0

[Event "XXVI Ogolnopolska Olimpiada Mlodziezy"]
[Site "Pulawy"]
[Date "2020.10.06"]
[Round "3.7"]
[White "Janeczko, Jakub"]
[Black "Wydmanski, Szymon"]
[Result "1/2-1/2"]
[WhiteElo "1933"]
[BlackElo "1598"]
[PlyCount "61"]
[EventDate "2020.10.04"]
[EventType "swiss"]
[Tiebreak "Sum of Buchholz+Median1 Buchholz+Sonneborn-Berger (Swiss)"]

1. e4 c5 2. Nf3 d6 3. d4 cxd4 4. Nxd4 Nf6 5. Nc3 a6 6. Bg5 e6 7. f4 h6 8. Bxf6
Qxf6 9. Qd2 Be7 10. O-O-O b5 11. g3 O-O 12. Bg2 Ra7 13. h4 g6 14. g4 Qg7 15.
Bf3 b4 16. Nce2 e5 17. Nb3 a5 18. Qe3 Nc6 19. f5 g5 20. h5 f6 21. Rd5 Bb7 22.
Rhd1 Raa8 23. Nd2 Nd4 24. Rxd4 exd4 25. Nxd4 Rfc8 26. Ne6 Qf7 27. Be2 Ba6 28.
Bf3 Bb7 29. Be2 Ba6 30. Bf3 Bb7 31. Be2 1/2-1/2

[Event "XXVI Ogolnopolska Olimpiada Mlodziezy"]
[Site "Pulawy"]
[Date "2020.10.06"]
[Round "3.7"]
[White "Nieckarz, Maja"]
[Black "Marczyk, Kinga"]
[Result "1-0"]
[WhiteElo "1426"]
[BlackElo "1306"]
[PlyCount "87"]
[EventDate "2020.10.04"]
[EventType "swiss"]
[Tiebreak "Sum of Buchholz+Median1 Buchholz+Sonneborn-Berger (Swiss)"]

1. e4 c5 2. Nf3 d6 3. d4 cxd4 4. Nxd4 Nf6 5. Nc3 Nc6 6. Bc4 e6 7. Bb3 Be7 8.
O-O O-O 9. f4 a6 10. Kh1 Qc7 11. f5 b5 12. fxe6 fxe6 13. Bxe6+ Kh8 14. Nd5 Nxd5
15. Bxd5 Bb7 16. Ne6 Rxf1+ 17. Qxf1 Qc8 18. Bg5 Bxg5 19. Nxg5 Ne5 20. Bxb7 Qxb7
21. Qf5 Ng6 22. Nf7+ Kg8 23. Nxd6 Qa7 24. Qe6+ Kh8 25. Nf7+ Kg8 26. Ne5+ Kh8
27. Nxg6+ hxg6 28. Qxg6 Rf8 29. Re1 Qf2 30. Qh5+ Kg8 31. Qd1 Rf4 32. g3 Rf6 33.
Qe2 Qd4 34. e5 Rf2 35. Qd3 Qc5 36. e6 Qe7 37. Qd7 Qf8 38. Qd3 Qa8+ 39. Qe4 Qf8
40. e7 Rf1+ 41. Kg2 Rf2+ 42. Kg1 Qe8 43. Kxf2 Qf7+ 44. Qf4 1-0

[Event "XXVI Ogolnopolska Olimpiada Mlodziezy"]
[Site "Pulawy"]
[Date "2020.10.06"]
[Round "3.7"]
[White "Olszewski, Antoni"]
[Black "Borowik, Wojciech"]
[Result "0-1"]
[WhiteElo "1412"]
[BlackElo "1759"]
[PlyCount "124"]
[EventDate "2020.10.04"]
[EventType "swiss"]
[Tiebreak "Sum of Buchholz+Median1 Buchholz+Sonneborn-Berger (Swiss)"]

1. e4 c5 2. Nf3 d6 3. d4 cxd4 4. Qxd4 Nc6 5. Bb5 Bd7 6. Qd3 g6 7. c4 Bg7 8. O-O
Nf6 9. Nc3 O-O 10. h3 Rc8 11. Be3 a6 12. Bxc6 Bxc6 13. Nd4 Bd7 14. Rfd1 Qc7 15.
Nd5 Nxd5 16. cxd5 b5 17. Rac1 Qb7 18. b4 Qa8 19. Nb3 Rxc1 20. Rxc1 Rc8 21. Rc2
Rxc2 22. Qxc2 Qc8 23. Qxc8+ Bxc8 24. Bd4 Bh6 25. Kf1 e6 26. dxe6 Bxe6 27. f3
Bxb3 28. axb3 Bd2 29. Ke2 Bxb4 30. Kd3 Kf8 31. Bb2 Ke7 32. Kd4 Ke6 33. Bc1 Bc5+
34. Kd3 d5 35. exd5+ Kxd5 36. Bd2 Bb6 37. b4 Bc7 38. Bc3 Be5 39. Bd2 Bg3 40.
Bc3 Be5 41. Bd2 Bb2 42. Be1 Bg7 43. Bd2 Ba1 44. Be1 Ke5 45. Bd2 Kf5 46. g3 Be5
47. f4 Bg7 48. g4+ Ke6 49. Be3 Bf8 50. Bd2 f5 51. Kd4 Kd6 52. gxf5 gxf5 53. Kd3
Kd5 54. Bc3 Bd6 55. Bd2 h6 56. Bc3 Bxf4 57. Bg7 h5 58. Bf6 Be5 59. Bg5 f4 60.
Bh4 Bd4 61. Bg5 f3 62. Be3 f2 0-1

[Event "XXVI Ogolnopolska Olimpiada Mlodziezy"]
[Site "Pulawy"]
[Date "2020.10.06"]
[Round "3.7"]
[White "Wiecek, Karolina"]
[Black "Dallemura, Anna"]
[Result "1/2-1/2"]
[WhiteElo "1438"]
[BlackElo "1420"]
[PlyCount "81"]
[EventDate "2020.10.04"]
[EventType "swiss"]
[Tiebreak "Sum of Buchholz+Median1 Buchholz+Sonneborn-Berger (Swiss)"]

1. d4 d5 2. c4 e6 3. Nf3 Nf6 4. e3 Be7 5. Nc3 O-O 6. Bd3 b6 7. O-O Bb7 8. Re1
Nbd7 9. a3 a5 10. e4 dxe4 11. Nxe4 Nxe4 12. Bxe4 Bxe4 13. Rxe4 Nf6 14. Re1 Qd6
15. h3 Rfd8 16. Be3 c6 17. Qb3 Rab8 18. Rad1 Qc7 19. Rd3 b5 20. c5 a4 21. Qc2
Nd5 22. Red1 Bf6 23. Bg5 h6 24. Bxf6 Nxf6 25. Qe2 Rd5 26. Re3 Rbd8 27. Re5 R5d7
28. Re3 Nd5 29. Re4 Nf4 30. Qd2 Ng6 31. Qc3 Rd5 32. Rde1 Qd7 33. Kf1 Ne7 34.
Re5 Rxe5 35. Rxe5 Nf5 36. Re4 Qd5 37. Re5 Qd7 38. Re4 f6 39. Qe1 Kf7 40. g4 Ne7
41. Kg2 1/2-1/2

[Event "XXVI Ogolnopolska Olimpiada Mlodziezy"]
[Site "Pulawy"]
[Date "2020.10.06"]
[Round "3.8"]
[White "Gladyszewska, Kinga"]
[Black "Banasiak, Adrianna"]
[Result "1/2-1/2"]
[WhiteElo "1359"]
[BlackElo "1216"]
[PlyCount "66"]
[EventDate "2020.10.04"]
[EventType "swiss"]
[Tiebreak "Sum of Buchholz+Median1 Buchholz+Sonneborn-Berger (Swiss)"]

1. e4 c5 2. Nf3 Nc6 3. d4 cxd4 4. Nxd4 Nf6 5. Nc3 e5 6. Nf3 Bb4 7. Bd3 d5 8.
exd5 Nxd5 9. Bd2 Nxc3 10. bxc3 Bd6 11. O-O O-O 12. Bxh7+ Kxh7 13. Ng5+ Kg6 14.
h4 f5 15. h5+ Kf6 16. Nh7+ Kf7 17. Nxf8 Bxf8 18. Rb1 f4 19. g3 Qg5 20. Qf3 Rb8
21. Kh2 Bg4 22. Qd5+ Be6 23. Qf3 Bg4 24. Qd5+ Be6 25. Qf3 Bg4 26. Qd5+ Be6 27.
Qf3 Bg4 28. Qd5+ Be6 29. Qf3 Bg4 30. Qd5+ Be6 31. Qf3 Bg4 32. Qd5+ Be6 33. Qf3
Qf5 1/2-1/2

[Event "XXVI Ogolnopolska Olimpiada Mlodziezy"]
[Site "Pulawy"]
[Date "2020.10.06"]
[Round "3.8"]
[White "Jedraszek, Pawel"]
[Black "Jaskulski, Jan"]
[Result "1/2-1/2"]
[WhiteElo "1816"]
[BlackElo "1619"]
[PlyCount "76"]
[EventDate "2020.10.04"]
[EventType "swiss"]
[Tiebreak "Sum of Buchholz+Median1 Buchholz+Sonneborn-Berger (Swiss)"]

1. e4 c5 2. Nf3 d6 3. d4 cxd4 4. Nxd4 Nf6 5. Nc3 Nc6 6. Bc4 e6 7. Be3 Be7 8.
Qe2 a6 9. O-O-O Qc7 10. Bb3 O-O 11. g4 Nxd4 12. Rxd4 b5 13. g5 Nd7 14. Rg1 Nc5
15. e5 dxe5 16. Rh4 Nxb3+ 17. axb3 g6 18. Ne4 f5 19. gxf6 Bxf6 20. Bg5 Bd8 21.
Rd1 Bb7 22. Rxd8 Raxd8 23. Nf6+ Rxf6 24. Bxf6 Rd5 25. b4 a5 26. c3 a4 27. Qe1
Ba8 28. Re4 Qc6 29. Bxe5 Rd3 30. Rd4 Rxd4 31. Bxd4 Qe4 32. Qxe4 Bxe4 33. Kd2
Bd5 34. Ke3 Bc4 35. Kf4 Kf7 36. Ke5 Bd5 37. h4 Bc4 38. Bc5 Bd5 1/2-1/2

[Event "XXVI Ogolnopolska Olimpiada Mlodziezy"]
[Site "Pulawy"]
[Date "2020.10.06"]
[Round "3.8"]
[White "Siekanska, Maria"]
[Black "Niedorys, Karolina"]
[Result "1-0"]
[WhiteElo "1916"]
[BlackElo "1364"]
[PlyCount "67"]
[EventDate "2020.10.04"]
[EventType "swiss"]
[Tiebreak "Sum of Buchholz+Median1 Buchholz+Sonneborn-Berger (Swiss)"]

1. d4 d5 2. c4 c6 3. cxd5 cxd5 4. Nc3 Nf6 5. Bf4 Nc6 6. Nf3 Bf5 7. e3 e6 8. Bb5
Nd7 9. O-O Be7 10. e4 dxe4 11. d5 exd5 12. Bxc6 bxc6 13. Nd4 Be6 14. Nxc6 Qb6
15. Nxe7 Kxe7 16. Nxd5+ Bxd5 17. Qxd5 Qe6 18. Qd4 f6 19. Rfe1 Ne5 20. Rxe4 Rhd8
21. Qb4+ Kf7 22. Bxe5 fxe5 23. Rae1 Rab8 24. Qa3 Rd7 25. h3 Rb5 26. Qc3 Re7 27.
b3 Rd5 28. Kh2 Kg8 29. f4 Qg6 30. Rxe5 Rexe5 31. Rxe5 Rd3 32. Qc8+ Kf7 33. Qe8+
Kf6 34. Qe6# 1-0

[Event "XXVI Ogolnopolska Olimpiada Mlodziezy"]
[Site "Pulawy"]
[Date "2020.10.06"]
[Round "3.8"]
[White "Stanislawski, Karol"]
[Black "Rosa, Antoni"]
[Result "1/2-1/2"]
[WhiteElo "1639"]
[BlackElo "1419"]
[PlyCount "126"]
[EventDate "2020.10.04"]
[EventType "swiss"]
[Tiebreak "Sum of Buchholz+Median1 Buchholz+Sonneborn-Berger (Swiss)"]

1. d4 d5 2. c4 e6 3. Nf3 Nf6 4. g3 b6 5. Bg2 Bb7 6. O-O Nbd7 7. b3 c5 8. Bb2
Rc8 9. Nbd2 Be7 10. Rc1 O-O 11. e3 dxc4 12. bxc4 cxd4 13. exd4 Ba6 14. Qa4 Bb7
15. Rfd1 Bc6 16. Qb3 Ne4 17. Nxe4 Bxe4 18. Ba3 Bxa3 19. Qxa3 Rc7 20. Nh4 Bxg2
21. Nxg2 Qa8 22. Ne3 Rfc8 23. Qd6 Nf6 24. d5 exd5 25. Nxd5 Nxd5 26. Qxd5 Qxd5
27. Rxd5 Kf8 28. Rd4 b5 29. Kf1 Rxc4 30. Rdxc4 Rxc4 31. Rxc4 bxc4 32. Ke2 Ke7
33. Ke3 c3 34. Kd3 Kd6 35. Kxc3 Kc5 36. h3 h6 37. a3 a6 38. f3 g6 39. h4 h5 40.
g4 f6 41. Kd3 Kb5 42. gxh5 gxh5 43. Ke4 Ka4 44. Kf5 Kxa3 45. Kxf6 Kb3 46. f4 a5
47. f5 a4 48. Kg5 a3 49. f6 a2 50. f7 a1=Q 51. f8=Q Qe5+ 52. Qf5 Qe8 53. Qd3+
Kb4 54. Qg6 Qe5+ 55. Kh6 Kc4 56. Qc2+ Kd4 57. Qd1+ Ke4 58. Qe2+ Kd4 59. Qxh5
Qh8+ 60. Kg6 Qe8+ 61. Kg5 Qe5+ 62. Kg4 Qe2+ 63. Kg5 Qe5+ 1/2-1/2

[Event "XXVI Ogolnopolska Olimpiada Mlodziezy"]
[Site "Pulawy"]
[Date "2020.10.06"]
[Round "3.9"]
[White "Bandyk, Joanna"]
[Black "Sliwicka, Weronika"]
[Result "0-1"]
[WhiteElo "1191"]
[BlackElo "1272"]
[PlyCount "72"]
[EventDate "2020.10.04"]
[EventType "swiss"]
[Tiebreak "Sum of Buchholz+Median1 Buchholz+Sonneborn-Berger (Swiss)"]

1. e4 c5 2. Nf3 e6 3. d3 Qc7 4. g3 Nc6 5. Bg2 g6 6. O-O Bg7 7. Re1 Nge7 8. c3
d5 9. Nbd2 O-O 10. Qe2 d4 11. cxd4 Nxd4 12. Nxd4 Bxd4 13. e5 Nc6 14. Nc4 Rb8
15. Bf4 b6 16. h4 Ne7 17. h5 Rd8 18. Bg5 Rd7 19. Qf3 Nd5 20. Bh6 Bb7 21. Rac1
f5 22. exf6 Ne3 23. Qe2 Nxg2 24. Qxe6+ Rf7 25. hxg6 hxg6 26. Nd6 Nxe1 27. Rxe1
Bxf6 28. Bf4 Rbf8 29. Nf5 Qc6 30. Qxc6 Bxc6 31. Nh6+ Kg7 32. Nxf7 Rxf7 33. b3
Bb5 34. Re3 Bd4 35. Be5+ Bxe5 36. Rxe5 Bxd3 0-1

[Event "XXVI Ogolnopolska Olimpiada Mlodziezy"]
[Site "Pulawy"]
[Date "2020.10.06"]
[Round "3.9"]
[White "Grot, Blazej"]
[Black "Jaszczuk, Piotr"]
[Result "1-0"]
[WhiteElo "1791"]
[BlackElo "1312"]
[PlyCount "78"]
[EventDate "2020.10.04"]
[EventType "swiss"]
[Tiebreak "Sum of Buchholz+Median1 Buchholz+Sonneborn-Berger (Swiss)"]

1. e4 c5 2. Nf3 e6 3. d4 cxd4 4. Nxd4 a6 5. c4 Nf6 6. Nc3 Qc7 7. a3 b6 8. Be3
Bb7 9. Bd3 Nc6 10. Rc1 Ne5 11. f3 Rc8 12. Be2 Bc5 13. Na4 Bxd4 14. Qxd4 Nc6 15.
Qxb6 Ne5 16. Qxc7 Rxc7 17. Bf4 d6 18. c5 O-O 19. O-O Nfd7 20. cxd6 Rxc1 21.
Rxc1 Rc8 22. Rxc8+ Bxc8 23. Bxe5 Nxe5 24. Nb6 Bb7 25. d7 Nc6 26. b4 Kf8 27. Nc8
Nd8 28. b5 a5 29. a4 f6 30. Bc4 g6 31. Kf2 e5 32. Bd5 f5 33. Ke3 Bxd5 34. exd5
Nb7 35. b6 Nd8 36. f4 exf4+ 37. Kxf4 Kf7 38. Nd6+ Ke7 39. b7 g5+ 1-0

[Event "XXVI Ogolnopolska Olimpiada Mlodziezy"]
[Site "Pulawy"]
[Date "2020.10.06"]
[Round "3.9"]
[White "Meers, Hubert"]
[Black "Ciszewski, Krzysztof"]
[Result "1-0"]
[WhiteElo "1988"]
[BlackElo "1784"]
[PlyCount "47"]
[EventDate "2020.10.04"]
[EventType "swiss"]
[Tiebreak "Sum of Buchholz+Median1 Buchholz+Sonneborn-Berger (Swiss)"]

1. e4 c5 2. Nf3 d6 3. d4 cxd4 4. Nxd4 Nf6 5. Nc3 a6 6. h4 e5 7. Nb3 Be7 8. Bg5
Be6 9. Bxf6 Bxf6 10. g3 O-O 11. Qd2 Qc7 12. O-O-O Be7 13. f4 Rc8 14. f5 Bxb3
15. axb3 Bf8 16. Nd5 Qc6 17. f6 g6 18. Bc4 Nd7 19. h5 b5 20. hxg6 bxc4 21.
gxf7+ Kxf7 22. Rxh7+ Ke8 23. f7+ Kd8 24. Qg5+ 1-0

[Event "XXVI Ogolnopolska Olimpiada Mlodziezy"]
[Site "Pulawy"]
[Date "2020.10.06"]
[Round "3.9"]
[White "Obrochta, Lena"]
[Black "Olszewska, Wiktoria"]
[Result "1-0"]
[WhiteElo "1765"]
[BlackElo "1317"]
[PlyCount "45"]
[EventDate "2020.10.04"]
[EventType "swiss"]
[Tiebreak "Sum of Buchholz+Median1 Buchholz+Sonneborn-Berger (Swiss)"]

1. e4 c5 2. Nf3 d6 3. d4 cxd4 4. Nxd4 Nf6 5. Nc3 a6 6. f4 Qc7 7. a4 b6 8. Bd3
g6 9. Nf3 Bg7 10. O-O O-O 11. Kh1 Nc6 12. Qe1 Bd7 13. Bd2 Rac8 14. Bxa6 Ra8 15.
Bd3 e5 16. fxe5 dxe5 17. Qh4 Rad8 18. Nb5 Qb8 19. Bg5 h6 20. Bxf6 g5 21. Bxg5
hxg5 22. Nxg5 f6 23. Qh7# 1-0